LEADER 01383nam a2200289 u 4500 001 000000005199 003 CaOOAMICUS 005 20070226104733.0 008 941111s1972 it u000 u ita u 035 $a10137333 040 $aPUL(R)$bita 100 1 $aOsbat, Luciano.$0(OLS)http://pul/name/5418 245 13$aLa gioventù cattolica dopo l'unità, 1868-1968 : /$craccolta di saggi a cura di Luciano Osbat e Francesco Piva ; Prefazione di Gabriele De Rosa. 260 $aRoma :$bEdizioni di Storia e Letteratura,$c1972. 300 $axi, 667 p. ;$c26 cm 490 1 $aPolitica e storia ;$v28 504 $aIncludes bibliographical references. 610 24$aSocietà della gioventù cattolica italiana.$0(OLS)http://pul/subject/4603 650 0$aChurch work with youth$zEurope.$2//eng$0(OLS)http://pul/subject/4604 700 1 $aPiva, Francesco.$0(OLS)http://pul/name/5419 830 0$aPolitica e storia (Edizioni di storia e letteratura) ;$v28.$0(OLS)http://pul/title/1289 850 $aPUL 852 $aPUL$W1$xDP1 Fondo Maccarrone$y58$m1526 C 7$j7283$nBK-PRI$b $qFondi$B7283$CPULBib$Z2$F7283 $H $81 941 1 $a1 961 $aINV: F. Maccarrone 996 $6245$aLa gioventù cattolica dopo l'unità, 1868-1968 :$9(OLS)http://pul/title/7606 996 $6260$aRoma :$bEdizioni di Storia e Letteratura$9(OLS)http://pul/publisher/48123 LEADER 01061nam a2200253 u 4500 001 000000068439 003 CaOOAMICUS 005 20070226121810.0 008 020311s1995 it u000 u ita u 035 $a10923332 040 $aPUL(R)$bita 245 03$aIl Giubileo :$bstoria e pratiche dell'Anno Santo /$cGiampiero Bof ... [et al.] ; prefazione di Sergio Quinzio. 260 $aFirenze :$bVallecchi Ed.,$c1995. 300 $a160 p. ;$c21 cm 504 $aBibliografia in nota. 650 4$aGiubilei cristiani$xStoria.$0(OLS)http://pul/subject/6152 700 1 $aQuinzio, Sergio,$d1927-1996.$0(OLS)http://pul/name/23520 700 1 $aBof, Giampiero,$d1934-$0(OLS)http://pul/name/23251 850 $aPUL 852 $aPUL$W1$xSL Filosofia 1$y2$m114 B 41$j88516$nBK-PRI$b $qStampati$B88516$CPULBib$Z2$F88516 $H $81 941 1 $a8 961 $aINV: 74509 996 $6245$aIl Giubileo :$bstoria e pratiche dell'Anno Santo$9(OLS)http://pul/title/90527 996 $6260$aFirenze :$bVallecchi Ed.$9(OLS)http://pul/publisher/70782